Doce sainetes /

Guardado en:
Autor Principal: Cruz, Ramon de la
Formato: Libro
Publicado: Barcelona : Labor, 1972
Series:Textos hisp nicos modernos, 171
Etiquetas: Agregar Etiqueta
Sin Etiquetas, Sea el primero en etiquetar este registro!
LEADER 00428nam a22001575a 4500
001 CEM.cems001871
005 20060214000000.0
008 130507s1972##################000#0#####d
003 CEMS
082 0 4 |a 862.4 
100 1 |a Cruz, Ramon de la 
245 1 0 |a Doce sainetes / 
260 |a Barcelona :  |b Labor,  |c 1972 
300 |a 334 p. 
490 0 |a Textos hisp nicos modernos, 171 
859 |a CEMS  |b BIB. CEMS - 11 de abril  |h 862.4  |i C889  |p 7987.80  |t Ej.1